Access to telecommunication data in criminal justice: a comparative analysis of European legal orders

Saved in:
Bibliografiske detaljer
Andre forfattere: Sieber, Ulrich (Editor), Muhlen, Nicolas von zur (Editor)
Format: Bog
Sprog:engelsk
Udgivet: Berlín, Alemania Duncker and Humblot 2016
Serier:Strafrechtliche Forschungsberichte v.156
Fag:
Tags: Tilføj Tag
Ingen Tags, Vær først til at tagge denne postø!

MARC

LEADER 00000nam a22000007a 4500
003 CL-VaPUC
005 20210313001645.0
008 200120b ||||| |||| 00| 0 eng d
999 |c 377566  |d 377564 
020 |a 9783428151431 
040 |c Pontificia Universidad Católica de Valparaíso 
041 0 |a eng 
082 |a 345.01 SIE 2016 
100 1 |a Sieber, Ulrich  |e editor  |9 609646 
245 1 0 |a Access to telecommunication data in criminal justice:  |b  a comparative analysis of European legal orders 
260 3 |a Berlín, Alemania  |b Duncker and Humblot  |c 2016 
300 |a 770 páginas 
490 0 0 |a Strafrechtliche Forschungsberichte  |v v.156 
505 0 |a Part 1. Introduction: object, aims, and research methods. Part 2. Comparative analysis. Part 3. Country reports. Appendix: questionaires. 
583 |c 20200120  |k Daniel Castañeda 
650 0 0 |a Derecho penal internacional  |9 371889 
650 0 0 |a TRIBUNALES PENALES INTERNACIONALES  |9 469618 
650 0 0 |a Derecho comparado  |9 255664 
700 1 |a Muhlen, Nicolas von zur  |e editor  |9 609647 
942 |2 ddc  |c BK 
952 |0 0  |1 0  |2 ddc  |4 0  |6 345_010000000000000_SIE_2016  |7 0  |9 497552  |a BIBDER  |b BIBDER  |d 2020-01-20  |i 5615224  |o 345.01 SIE 2016  |p 5615224  |r 2023-01-25  |t 1  |w 2020-01-20  |y BK  |k DER